| 000 | 00353 a2200109 4500 | ||
|---|---|---|---|
| 001 | ART_12050 | ||
| 005 | 20260410161902.0 | ||
| 008 | 260409a | ||
| 245 | 1 | 0 | _aChicago board call options as predictors of common stock prince changes |
| 100 | 1 | _aPanton, D. | |
| 773 | 0 |
_tJournal of econometrics _g- Vol. 4, NÂș 2 (may. 1976) _wREV11720 |
|
| 999 |
_c26055 _d26055 |
||